[Event "BL 1920 USV TU Dresden - SV Hockenheim"]
[Site "?"]
[Date "2021.10.15"]
[Round "11.5"]
[White "Wagner, Dennis"]
[Black "Tischbierek, Raj"]
[Result "1-0"]
[WhiteElo "2576"]
[BlackElo "2438"]
[PlyCount "73"]
[EventDate "2021.??.??"]

1. e4 c5 2. Nf3 Nf6 3. e5 Nd5 4. Nc3 Nxc3 5. dxc3 Nc6 6. Bf4 Qb6 7. b3 e6 8.
Qd2 Qc7 9. h4 b6 10. Rd1 Bb7 11. Rh3 h6 12. Be2 O-O-O 13. Bh2 Be7 14. h5 Rhe8
15. Kf1 Bf8 16. Qd3 Kb8 17. Kg1 a6 18. a4 Ka7 19. Rh4 Ka8 20. Rg4 Ka7 21. Bf1
Qc8 22. Rf4 f6 23. exf6 e5 24. f7 Re7 25. Re4 d6 26. b4 Rdd7 27. a5 Qd8 28.
axb6+ Qxb6 29. bxc5 Qxc5 30. Nd2 Rxf7 31. Bg3 d5 32. Ra4 Bd6 33. Rxa6+ Kb8 34.
Rb1 e4 35. Bxd6+ Rxd6 36. Qg3 e3 37. Nb3 1-0

[Event "BL 1920 USV TU Dresden - SV Hockenheim"]
[Site "?"]
[Date "2021.10.15"]
[Round "11.6"]
[White "Hoffmann, Paul"]
[Black "Baramidze, David"]
[Result "1/2-1/2"]
[WhiteElo "2385"]
[BlackElo "2601"]
[PlyCount "46"]
[EventDate "2021.??.??"]

1. e4 c5 2. Nf3 d6 3. d4 cxd4 4. Nxd4 Nf6 5. Nc3 a6 6. g3 g6 7. Bg2 Bg7 8. h3
Bd7 9. O-O Nc6 10. Nxc6 bxc6 11. Be3 Rb8 12. Rb1 O-O 13. Qd2 Be6 14. b3 Qc8 15.
Kh2 Rd8 16. Rfd1 d5 17. Bc5 Qc7 18. Qe1 h5 19. Kg1 h4 20. g4 Qf4 21. Be3 Qc7
22. Bc5 Qf4 23. Be3 Qc7 1/2-1/2

[Event "BL 1920 USV TU Dresden - SV Hockenheim"]
[Site "?"]
[Date "2021.10.15"]
[Round "11.7"]
[White "Banusz, Tamas"]
[Black "Loxine, Jakov"]
[Result "1-0"]
[WhiteElo "2610"]
[BlackElo "2394"]
[PlyCount "59"]
[EventDate "2021.??.??"]

1. Nf3 Nf6 2. g3 g6 3. Bg2 Bg7 4. d4 O-O 5. c4 d6 6. Nc3 Nc6 7. O-O a6 8. b3
Rb8 9. d5 Na5 10. Bg5 c5 11. dxc6 bxc6 12. c5 d5 13. Bf4 Bd7 14. Rc1 Rb4 15.
Qd2 Rxf4 16. gxf4 Nb7 17. b4 Qc8 18. Ne5 Bh3 19. Bxh3 Qxh3 20. Qd3 Qxd3 21.
Nxd3 Nh5 22. a4 Rc8 23. b5 axb5 24. axb5 d4 25. bxc6 Na5 26. Nd5 Nxc6 27. Ra1
Nf6 28. Nxf6+ Bxf6 29. Ra6 Nd8 30. Rfa1 1-0

[Event "BL 1920 USV TU Dresden - SV Hockenheim"]
[Site "?"]
[Date "2021.10.15"]
[Round "11.8"]
[White "Richter, Philipp"]
[Black "Moiseenko, Alexander"]
[Result "0-1"]
[WhiteElo "2227"]
[BlackElo "2622"]
[PlyCount "52"]
[EventDate "2021.??.??"]

1. d4 Nf6 2. c4 e6 3. Nf3 Bb4+ 4. Nc3 b6 5. Qb3 a5 6. Bg5 Bb7 7. e3 c5 8. Be2
a4 9. Qc2 a3 10. Bxf6 Qxf6 11. O-O cxd4 12. exd4 O-O 13. b3 d5 14. Na4 Nd7 15.
Ne5 Nxe5 16. dxe5 Qxe5 17. Nxb6 Rad8 18. cxd5 Bd6 19. g3 Qd4 20. Nc4 Qxd5 21.
f3 Bb8 22. Kg2 h5 23. Nxa3 h4 24. Qc4 Qe5 25. Rae1 hxg3 26. Qh4 Rd2 0-1

[Event "BL 1920 SF Berlin - SG Speyer-Schwegenh"]
[Site "?"]
[Date "2021.10.15"]
[Round "11.1"]
[White "Oleksiyenko, Mykhaylo"]
[Black "Piorun, Kacper"]
[Result "1/2-1/2"]
[WhiteElo "2586"]
[BlackElo "2655"]
[PlyCount "81"]
[EventDate "2021.??.??"]

1. e4 e5 2. Nf3 Nc6 3. Bb5 Nf6 4. O-O Nxe4 5. Re1 Nd6 6. Nxe5 Be7 7. Bf1 O-O 8.
Nf3 Nf5 9. d4 d5 10. c3 Bd6 11. Bd3 Re8 12. Rxe8+ Qxe8 13. Nbd2 g6 14. Qb3 Nfe7
15. Nf1 f6 16. Ne3 Qf7 17. c4 a5 18. cxd5 Nb4 19. Be4 a4 20. Qc4 Bd7 21. Ne5
fxe5 22. dxe5 b5 23. Qc3 Rf8 24. f3 Nbxd5 25. Nxd5 Nxd5 26. Bxd5 Qxd5 27. exd6
Qd1+ 28. Kf2 Qxd6 29. Bh6 Rf7 30. Kg1 b4 31. Qc4 Be6 32. Qe4 Rd7 33. Re1 Kf7
34. Kh1 Re7 35. Bg5 Re8 36. Bf4 Qc5 37. Bd2 Qc4 38. Qxc4 Bxc4 39. Rc1 Re2 40.
Bxb4 Rxb2 41. a3 1/2-1/2

[Event "BL 1920 SF Berlin - SG Speyer-Schwegenh"]
[Site "?"]
[Date "2021.10.15"]
[Round "11.2"]
[White "Schroeder, Jan-Christian"]
[Black "Neiksans, Arturs"]
[Result "0-1"]
[WhiteElo "2568"]
[BlackElo "2570"]
[PlyCount "118"]
[EventDate "2021.??.??"]

1. e4 e5 2. Nf3 Nc6 3. Bb5 a6 4. Ba4 Nf6 5. O-O Be7 6. Re1 b5 7. Bb3 d6 8. c3
O-O 9. d4 Bg4 10. Be3 exd4 11. cxd4 Na5 12. Bc2 Nc4 13. Bc1 c5 14. b3 Nb6 15.
Nbd2 Rc8 16. Bb2 Nfd7 17. Qb1 g6 18. h3 Bxf3 19. Nxf3 cxd4 20. Nxd4 Bf6 21. Re2
Ne5 22. Qe1 Nbd7 23. Rd1 Qb6 24. f4 Nc6 25. Qf2 Rfe8 26. e5 dxe5 27. Nxc6 Qxc6
28. Be4 Qc7 29. Rc2 Qd8 30. Rcd2 Rc7 31. f5 g5 32. Ba3 Be7 33. Bd6 Nf6 34. Bxc7
Qxc7 35. Rc2 Qb8 36. Qe3 h6 37. Kh1 Rd8 38. Rxd8+ Qxd8 39. Bf3 e4 40. Be2 Qd5
41. a4 bxa4 42. bxa4 a5 43. Qc3 Kg7 44. g3 Bb4 45. Qe3 Qxf5 46. Kg2 Qe5 47. Bc4
Ne8 48. Qa7 Be7 49. Rf2 Nd6 50. Be2 Bf6 51. Bh5 Be7 52. Rc2 Nf5 53. Qc7 Ne3+
54. Kh2 Qf6 55. Re2 Nf5 56. Kg2 Bd6 57. Qd7 Nxg3 58. Rf2 Bf4 59. Qd5 Nxh5 0-1

[Event "BL 1920 SF Berlin - SG Speyer-Schwegenh"]
[Site "?"]
[Date "2021.10.15"]
[Round "11.3"]
[White "Meshkovs, Nikita"]
[Black "Tomczak, Jacek"]
[Result "1/2-1/2"]
[WhiteElo "2550"]
[BlackElo "2589"]
[PlyCount "76"]
[EventDate "2021.??.??"]

1. Nf3 c5 2. c4 Nf6 3. d4 cxd4 4. Nxd4 e5 5. Nb5 d5 6. cxd5 Bc5 7. e3 O-O 8.
N5c3 e4 9. a3 Qe7 10. Nd2 a6 11. g3 Bf5 12. Bg2 Nbd7 13. b4 Bd6 14. O-O Rac8
15. Bb2 Rfe8 16. Qb3 h5 17. h4 Nb6 18. Rac1 Rcd8 19. Nc4 Nxc4 20. Qxc4 Bg4 21.
Ne2 Be5 22. Bxe5 Qxe5 23. Nf4 Nxd5 24. Rfe1 Bf3 25. Qb3 Bxg2 26. Kxg2 Nxf4+ 27.
exf4 Qe6 28. Qxe6 Rxe6 29. Rc5 Rd3 30. Re3 Rxe3 31. fxe3 g6 32. f5 Rd6 33. fxg6
fxg6 34. Rc8+ Kg7 35. Rc7+ Kh6 36. Rxb7 Rd3 37. Ra7 Rxa3 38. b5 Rxe3 1/2-1/2

[Event "BL 1920 SF Berlin - SG Speyer-Schwegenh"]
[Site "?"]
[Date "2021.10.15"]
[Round "11.4"]
[White "Moroni, Luca Jr"]
[Black "Pavlidis, Antonios"]
[Result "1/2-1/2"]
[WhiteElo "2575"]
[BlackElo "2531"]
[PlyCount "59"]
[EventDate "2021.??.??"]

1. c4 e5 2. Nc3 Bb4 3. g3 Bxc3 4. dxc3 d6 5. e4 Nc6 6. Be3 Nge7 7. f3 f5 8.
exf5 Bxf5 9. Nh3 h6 10. Nf2 Qd7 11. Bg2 O-O 12. O-O a5 13. Qa4 Be6 14. Rad1 Nf5
15. Bc1 Nb8 16. Qxd7 Nxd7 17. b3 a4 18. Nd3 axb3 19. axb3 Ra1 20. f4 Rb1 21.
fxe5 dxe5 22. Rfe1 Rxb3 23. Nxe5 Nxe5 24. c5 Rxc3 25. Rxe5 Bb3 26. Rde1 Nd4 27.
Re7 Nf3+ 28. Bxf3 Rcxf3 29. Rxc7 R3f7 30. Rxf7 1/2-1/2

[Event "BL 1920 SF Berlin - SG Speyer-Schwegenh"]
[Site "?"]
[Date "2021.10.15"]
[Round "11.5"]
[White "Kantans, Toms"]
[Black "Gumularz, Szymon"]
[Result "1-0"]
[WhiteElo "2494"]
[BlackElo "2534"]
[PlyCount "89"]
[EventDate "2021.??.??"]

1. e4 c6 2. d4 d5 3. Nc3 dxe4 4. Nxe4 Bf5 5. Ng3 Bg6 6. Nf3 Nd7 7. h4 h6 8. h5
Bh7 9. Bd3 Bxd3 10. Qxd3 e6 11. Bd2 Ngf6 12. O-O-O Be7 13. Ne4 Nxe4 14. Qxe4
Nf6 15. Qd3 O-O 16. g4 Qd5 17. g5 hxg5 18. Bxg5 Qxa2 19. c3 Qa1+ 20. Kc2 Qa6
21. Qxa6 bxa6 22. Ne5 Nd5 23. Bxe7 Nxe7 24. Ra1 Rfc8 25. b4 f6 26. Nc4 Nf5 27.
Rxa6 Rc7 28. Rha1 Kh7 29. Re1 Kh6 30. Rxe6 Ne7 31. Ra5 Rd8 32. Ne3 Nd5 33. Rc5
Nf4 34. Rexc6 Rxc6 35. Rxc6 Rd7 36. Rc5 Nxh5 37. Rd5 Rb7 38. Rd8 Kg5 39. d5 f5
40. Nc4 Kf4 41. Kd3 Nf6 42. Kd4 g5 43. Rf8 Ne4 44. Ne3 Nd6 45. c4 1-0

[Event "BL 1920 SF Berlin - SG Speyer-Schwegenh"]
[Site "?"]
[Date "2021.10.15"]
[Round "11.6"]
[White "Baldauf, Marco"]
[Black "Nemeth, Miklos"]
[Result "1/2-1/2"]
[WhiteElo "2511"]
[BlackElo "2468"]
[PlyCount "48"]
[EventDate "2021.??.??"]

1. d4 Nf6 2. c4 e6 3. Nc3 Bb4 4. Qc2 d6 5. Nf3 Nbd7 6. Bd2 O-O 7. g3 e5 8. Bg2
c6 9. O-O Bxc3 10. Bxc3 e4 11. Nd2 d5 12. cxd5 cxd5 13. Bb4 Re8 14. Rfc1 Qb6
15. Qc3 h5 16. Nf1 a5 17. Ba3 Qa6 18. Qd2 b5 19. Bc5 Qe6 20. Qf4 Ra6 21. Rc3
Rc6 22. a3 Nh7 23. Rac1 Bb7 24. b4 a4 1/2-1/2

[Event "BL 1920 SF Berlin - SG Speyer-Schwegenh"]
[Site "?"]
[Date "2021.10.15"]
[Round "11.7"]
[White "Kovacs, Gabor"]
[Black "Blohberger, Felix"]
[Result "1/2-1/2"]
[WhiteElo "2455"]
[BlackElo "2497"]
[PlyCount "40"]
[EventDate "2021.??.??"]

1. d4 Nf6 2. c4 e6 3. Nc3 Bb4 4. e3 O-O 5. Nf3 d5 6. Bd2 Nbd7 7. Rc1 a6 8. Be2
dxc4 9. Bxc4 b5 10. Be2 c5 11. a4 bxa4 12. Qxa4 Bb7 13. O-O Qb8 14. dxc5 Bxc5
15. Rfd1 Rc8 16. Qh4 Be7 17. Ra1 Ne5 18. Nxe5 Qxe5 19. Na4 Rd8 20. Bc3 Rxd1+
1/2-1/2

[Event "BL 1920 SF Berlin - SG Speyer-Schwegenh"]
[Site "?"]
[Date "2021.10.15"]
[Round "11.8"]
[White "Jakubowski, Krzysztof"]
[Black "Boguslawski, Oleg"]
[Result "1/2-1/2"]
[WhiteElo "2459"]
[BlackElo "2390"]
[PlyCount "240"]
[EventDate "2021.??.??"]

1. d4 Nf6 2. c4 e6 3. Nf3 Bb4+ 4. Bd2 a5 5. e3 O-O 6. Nc3 b6 7. Bd3 Bb7 8. O-O
d5 9. cxd5 exd5 10. Qc2 Nbd7 11. Rfd1 Rc8 12. Bf5 g6 13. Bh3 Qe7 14. a3 Bd6 15.
Nb5 Ne4 16. b4 f5 17. g3 Ndf6 18. bxa5 Ng4 19. Be1 bxa5 20. Rab1 Rce8 21. Nxc7
Rb8 22. Nb5 Rbc8 23. Qa2 Bb8 24. Rb2 h5 25. Bxa5 Rf7 26. Be1 h4 27. Nxh4 Nxh2
28. f4 Ng4 29. Bxg4 fxg4 30. Nxg6 Qe6 31. Ne5 Rh7 32. Rh2 Rh3 33. Qe2 Bxe5 34.
dxe5 Nxg3 35. Bxg3 Rxg3+ 36. Rg2 Rxg2+ 37. Qxg2 Qg6 38. Nd4 Rc3 39. Qb2 Rc7 40.
Qb1 Qh5 41. Qf5 Qh3 42. Qg5+ Kh7 43. Qf5+ Kh6 44. Qg5+ Kh7 45. Nf5 d4 46. Qh4+
Qxh4 47. Nxh4 dxe3 48. Re1 g3 49. Kf1 Rc4 50. Rxe3 Rxf4+ 51. Ke2 Rxh4 52. Rxg3
Bd5 53. Kd2 Be6 54. Kc3 Ra4 55. Kb2 Re4 56. Kc3 Bg4 57. Rd3 Kg6 58. Rd4 Re3+
59. Kb4 Kf5 60. a4 Be2 61. Rd5 Re4+ 62. Ka5 Ke6 63. Rd8 Ke7 64. Rd2 Bg4 65. Rb2
Kd8 66. Rb4 Rxe5+ 67. Rb5 Re6 68. Rd5+ Kc7 69. Rd4 Be2 70. Rf4 Kc6 71. Rf5 Re4
72. Rf6+ Kd5 73. Rf5+ Kc4 74. Kb6 Kb4 75. a5 Re6+ 76. Kc7 Bb5 77. Rf2 Kxa5 78.
Rc2 Kb4 79. Rc1 Bc4 80. Kd7 Rh6 81. Ke7 Kc5 82. Rd1 Re6+ 83. Kd7 Rf6 84. Re1
Rf7+ 85. Re7 Rf8 86. Kc7 Bd5 87. Rg7 Ra8 88. Re7 Ra6 89. Kd8 Be6 90. Rc7+ Kd6
91. Rd7+ Ke5 92. Rb7 Bd5 93. Re7+ Be6 94. Rb7 Rc6 95. Ke7 Rc8 96. Ra7 Rg8 97.
Rc7 Rh8 98. Rc5+ Bd5 99. Rc7 Rh7+ 100. Kd8 Rh6 101. Ke7 Rg6 102. Kd8 Bc6 103.
Re7+ Kd6 104. Rd7+ Kc5 105. Rf7 Re6 106. Re7 Rd6+ 107. Kc7 Rd1 108. Re5+ Bd5
109. Re7 Ra1 110. Kd8 Ra6 111. Kc7 Ra8 112. Kd7 Ra6 113. Kd8 Bc6 114. Kc7 Ra4
115. Re5+ Bd5 116. Re7 Rb4 117. Kd8 Rf4 118. Kc7 Rf8 119. Rg7 Be6 120. Rg5+ Bd5
1/2-1/2

[Event "BL 1920 SK Doppelbauer Turm Kiel - SV W"]
[Site "?"]
[Date "2021.10.15"]
[Round "11.1"]
[White "McShane, Luke J"]
[Black "Demchenko, Anton"]
[Result "0-1"]
[WhiteElo "2676"]
[BlackElo "2651"]
[PlyCount "160"]
[EventDate "2021.??.??"]

1. e4 e5 2. Nf3 Nc6 3. Bb5 a6 4. Ba4 d6 5. O-O Bd7 6. c3 Nf6 7. Re1 g6 8. d4
Bg7 9. Nbd2 O-O 10. Nf1 b5 11. Bc2 exd4 12. Nxd4 Rb8 13. Bg5 Qc8 14. Qd2 Ne5
15. Ne3 Re8 16. f3 a5 17. a4 bxa4 18. Bxa4 Bxa4 19. Rxa4 Qb7 20. Ra2 Nfd7 21.
Rb1 Nb6 22. Qc2 d5 23. Rxa5 Nec4 24. Nxc4 Nxc4 25. Ra4 Nb6 26. Raa1 dxe4 27.
fxe4 Nc4 28. Nf3 Rxe4 29. Kh1 h6 30. Bd2 Re2 31. Re1 Rxe1+ 32. Rxe1 Qxb2 33.
Qxb2 Rxb2 34. Bf4 c5 35. h4 Nb6 36. Re8+ Kh7 37. Be3 Re2 38. Rb8 Rxe3 39. Rxb6
Bxc3 40. Rc6 Bb4 41. Kg1 Kg7 42. Kf2 Re4 43. g3 Re7 44. Kg2 f6 45. Ng1 g5 46.
Kf3 Kg6 47. hxg5 hxg5 48. Nh3 Kf5 49. Nf2 Ra7 50. g4+ Ke5 51. Nd3+ Kd4 52. Rd6+
Kc4 53. Nf2 Bc3 54. Ne4 Be5 55. Rd8 Ra3+ 56. Ke2 Kb5 57. Rd5 Bd4 58. Kd2 Kc4
59. Rf5 Ra2+ 60. Ke1 Ra6 61. Ke2 Re6 62. Kf3 Be5 63. Ke3 Kd5 64. Nc3+ Kc6 65.
Ne4 Kd5 66. Nc3+ Kc4 67. Ne4 Bd4+ 68. Kf3 Rb6 69. Ke2 Rb2+ 70. Nd2+ Kb4 71. Kd3
Be5 72. Ne4 c4+ 73. Ke3 c3 74. Nxg5 Rb1 75. Kd3 Kb3 76. Ne4 Rd1+ 77. Ke2 c2 78.
Rf3+ Kb2 79. Nf2 Rd4 80. Rd3 c1=N+ 0-1

[Event "BL 1920 SK Doppelbauer Turm Kiel - SV W"]
[Site "?"]
[Date "2021.10.15"]
[Round "11.2"]
[White "Khenkin, Igor"]
[Black "Areshchenko, Alexander"]
[Result "1/2-1/2"]
[WhiteElo "2540"]
[BlackElo "2690"]
[PlyCount "41"]
[EventDate "2021.??.??"]

1. d4 Nf6 2. c4 g6 3. Nc3 d5 4. cxd5 Nxd5 5. e4 Nxc3 6. bxc3 Bg7 7. Nf3 c5 8.
Bb5+ Nc6 9. O-O O-O 10. Be3 cxd4 11. cxd4 Bg4 12. Bxc6 bxc6 13. Rc1 Qa5 14. Qc2
Rfd8 15. Ne5 Bxe5 16. dxe5 Qxe5 17. h3 Bc8 18. f4 Qf6 19. f5 gxf5 20. Rf3 h6
21. exf5 1/2-1/2

[Event "BL 1920 SK Doppelbauer Turm Kiel - SV W"]
[Site "?"]
[Date "2021.10.15"]
[Round "11.3"]
[White "Efimenko, Zahar"]
[Black "Dziuba, Marcin"]
[Result "1/2-1/2"]
[WhiteElo "2601"]
[BlackElo "2578"]
[PlyCount "68"]
[EventDate "2021.??.??"]

1. Nf3 d5 2. g3 Nd7 3. d4 Nb6 4. Bg2 Bf5 5. Nbd2 Nf6 6. Nh4 e6 7. Nxf5 exf5 8.
c4 c6 9. O-O h5 10. Qb3 Rb8 11. c5 Na8 12. Qd3 g6 13. Nf3 Nc7 14. Bf4 Be7 15.
b4 Rc8 16. b5 Nxb5 17. Rfb1 b6 18. a4 Nxd4 19. Qxd4 bxc5 20. Qe5 O-O 21. Rb7
Nd7 22. Qe3 Re8 23. Rab1 Bf6 24. Qd2 a5 25. Bg5 Bxg5 26. Nxg5 Ne5 27. h4 Rc7
28. Qc3 Rxb7 29. Rxb7 c4 30. Qd4 Re7 31. Rb1 Qd6 32. e4 fxe4 33. Nxe4 Qc7 34.
Nc3 Qa7 1/2-1/2

[Event "BL 1920 SK Doppelbauer Turm Kiel - SV W"]
[Site "?"]
[Date "2021.10.15"]
[Round "11.4"]
[White "Glud, Jakob Vang"]
[Black "Hracek, Zbynek"]
[Result "1/2-1/2"]
[WhiteElo "2524"]
[BlackElo "2566"]
[PlyCount "91"]
[EventDate "2021.??.??"]

1. c4 e5 2. g3 Nc6 3. Bg2 f5 4. Nc3 Nf6 5. a3 g6 6. e3 Bg7 7. Nge2 O-O 8. O-O
d6 9. d3 Be6 10. Nd5 Rb8 11. Bd2 Ne7 12. Nec3 Nexd5 13. Nxd5 c6 14. Nxf6+ Bxf6
15. Qc2 Qd7 16. Rac1 d5 17. cxd5 cxd5 18. Qc5 b6 19. Qc6 e4 20. dxe4 dxe4 21.
Qxd7 Bxd7 22. Bc3 Bb5 23. Rfd1 Ba4 24. Re1 Bxc3 25. Rxc3 Rbc8 26. Rec1 Rxc3 27.
Rxc3 Rd8 28. Bf1 Bd1 29. Rc4 Kf7 30. Rd4 Rxd4 31. exd4 Bb3 32. Ba6 Ke6 33. Bb7
Bd5 34. Ba6 g5 35. Bc8+ Kf6 36. Kf1 f4 37. Ke2 Be6 38. Bb7 Bf5 39. Kd2 Bg6 40.
Ke1 h6 41. Kd2 Ke6 42. Ke1 Kd6 43. Kd2 Kc7 44. Bd5 Kd6 45. Bb7 Kc7 46. Bd5
1/2-1/2

[Event "BL 1920 SK Doppelbauer Turm Kiel - SV W"]
[Site "?"]
[Date "2021.10.15"]
[Round "11.5"]
[White "Fish, Gennadij"]
[Black "Bjerre, Jonas Buhl"]
[Result "0-1"]
[WhiteElo "2455"]
[BlackElo "2569"]
[PlyCount "70"]
[EventDate "2021.??.??"]

1. d4 Nf6 2. c4 e6 3. Nc3 Bb4 4. e3 O-O 5. Bd3 d5 6. Nf3 dxc4 7. Bxc4 c5 8. O-O
cxd4 9. exd4 b6 10. Qe2 Bb7 11. Bg5 Nbd7 12. Rac1 Qb8 13. Bb3 Bd6 14. Bxf6 Nxf6
15. Ne5 Qd8 16. Rfe1 Qe7 17. Ng4 Nxg4 18. Qxg4 Qf6 19. Rcd1 Rad8 20. d5 exd5
21. Bxd5 Bxd5 22. Rxd5 Bc5 23. Rf5 Qc6 24. h3 g6 25. Re2 Rfe8 26. Rf4 h5 27.
Rxe8+ Qxe8 28. Qg5 Qe1+ 29. Kh2 Be7 30. Qg3 Bd6 31. Ne4 Bxf4 32. Qxf4 Qd1 33.
Nf6+ Kg7 34. Qe5 Qd4 35. Nxh5+ Kf8 0-1

[Event "BL 1920 SK Doppelbauer Turm Kiel - SV W"]
[Site "?"]
[Date "2021.10.15"]
[Round "11.6"]
[White "Gavrilescu, David"]
[Black "Reuker, Jari"]
[Result "1/2-1/2"]
[WhiteElo "2505"]
[BlackElo "2404"]
[PlyCount "102"]
[EventDate "2021.??.??"]

1. e4 e5 2. Nf3 Nc6 3. Bc4 Bc5 4. c3 Nf6 5. d4 exd4 6. e5 d5 7. Bb5 Ne4 8. cxd4
Bb6 9. Nc3 O-O 10. Be3 Bg4 11. h3 Bh5 12. Qa4 Ne7 13. Bd3 c5 14. dxc5 Nxc5 15.
Bxh7+ Kxh7 16. Qh4 g6 17. g4 Nf5 18. Qxd8 Raxd8 19. Bxc5 Bxc5 20. Rd1 Bb4 21.
Ke2 Bxc3 22. bxc3 f6 23. Rhe1 fxe5 24. Ng5+ Kg8 25. Ne6 Bxg4+ 26. hxg4 Ne7 27.
Nxf8 Kxf8 28. Rh1 Kg7 29. Rd3 Rc8 30. g5 e4 31. Rdh3 Kf7 32. Kd2 Ke6 33. Rh8
Rc4 34. Re8 Kd7 35. Rf8 Ra4 36. Rh7 Rxa2+ 37. Ke3 Ra6 38. Ra8 Rc6 39. Rxa7
Rxc3+ 40. Kd4 Rf3 41. Kc5 Rc3+ 42. Kd4 Rf3 43. Kc5 Ke6 44. Rxe7+ Kxe7 45. Kxd5
Rb3 46. Kxe4 Ke6 47. Ra4 Rb1 48. f4 Re1+ 49. Kf3 Rf1+ 50. Kg4 Rg1+ 51. Kf3 Rf1+
1/2-1/2

[Event "BL 1920 SK Doppelbauer Turm Kiel - SV W"]
[Site "?"]
[Date "2021.10.15"]
[Round "11.7"]
[White "Wachinger, Nikolas"]
[Black "Hector, Jonny"]
[Result "1/2-1/2"]
[WhiteElo "2313"]
[BlackElo "2443"]
[PlyCount "64"]
[EventDate "2021.??.??"]

1. d4 d5 2. c4 c6 3. Nf3 Nf6 4. Nc3 dxc4 5. a4 Bf5 6. Ne5 Nbd7 7. Nxc4 Qc7 8.
g3 e5 9. dxe5 Nxe5 10. Bf4 Nfd7 11. Bg2 f6 12. O-O Rd8 13. Qc1 g5 14. Nxe5 gxf4
15. Nxd7 Rxd7 16. a5 a6 17. Ra4 Bh6 18. Ne4 O-O 19. Qc3 Bxe4 20. Rxe4 fxg3 21.
hxg3 f5 22. Rh4 Bg7 23. Qc4+ Kh8 24. b4 f4 25. Rxf4 Rxf4 26. Qxf4 Qxf4 27. gxf4
Bc3 28. Rb1 Rd4 29. Bh3 Rxf4 30. e3 Rxb4 31. Rxb4 Bxb4 32. Bc8 Bxa5 1/2-1/2

[Event "BL 1920 SK Doppelbauer Turm Kiel - SV W"]
[Site "?"]
[Date "2021.10.15"]
[Round "11.8"]
[White "Pakleza, Zbigniew"]
[Black "Colbow, Collin"]
[Result "1-0"]
[WhiteElo "2501"]
[BlackElo "2329"]
[PlyCount "75"]
[EventDate "2021.??.??"]

1. Nf3 Nf6 2. c4 e6 3. Nc3 d5 4. d4 Bb4 5. e3 O-O 6. Be2 c5 7. O-O Nc6 8. a3
Bxc3 9. bxc3 dxc4 10. Bxc4 Qc7 11. Be2 Rd8 12. Qc2 e5 13. Rd1 Bg4 14. h3 Bh5
15. Bb2 e4 16. Nh2 Bxe2 17. Qxe2 Na5 18. c4 cxd4 19. Bxd4 Qxc4 20. Qe1 Nb3 21.
Bxf6 gxf6 22. Rab1 Rd3 23. Qe2 Rad8 24. Re1 Kh8 25. Nf1 Qd5 26. a4 Rg8 27. Ng3
Rd2 28. Red1 a6 29. Rxd2 Nxd2 30. Rb4 Qa2 31. Kh2 Rd8 32. Rxe4 Qb1 33. Rd4 Rxd4
34. exd4 Nb3 35. Qf3 f5 36. Qxb7 f4 37. Nh5 h6 38. Qxf7 1-0

[Event "BL 1920 OSG Baden-Baden - BCA Augsburg"]
[Site "?"]
[Date "2021.10.15"]
[Round "11.1"]
[White "Papp, Gabor"]
[Black "Vachier-Lagrave, Maxime"]
[Result "0-1"]
[WhiteElo "2594"]
[BlackElo "2763"]
[PlyCount "106"]
[EventDate "2021.??.??"]

1. e4 e6 2. d4 d5 3. Nd2 c5 4. exd5 Qxd5 5. Ngf3 cxd4 6. Bc4 Qd6 7. O-O Nf6 8.
Nb3 Nc6 9. Nbxd4 Nxd4 10. Nxd4 Be7 11. c3 O-O 12. Qf3 Rd8 13. Re1 Qc7 14. Bb3
Bd7 15. Bf4 Bd6 16. Bxd6 Qxd6 17. Qxb7 Ng4 18. h3 Qh2+ 19. Kf1 Ne5 20. Qe4 Bc6
21. Qe3 Qxg2+ 22. Ke2 Nf3 23. Red1 Nxd4+ 24. Rxd4 Rxd4 25. cxd4 Bd5 26. Rc1 h6
27. Rc7 Bxb3 28. Qxb3 Qe4+ 29. Qe3 Qb1 30. Qa3 a5 31. Kf3 Rb8 32. Qxa5 Qh1+ 33.
Kg3 Rxb2 34. Rc8+ Kh7 35. Qa8 Qg1+ 36. Qg2 Qxg2+ 37. Kxg2 Rxa2 38. Rc5 Rd2 39.
Rc7 Kg6 40. Rd7 e5 41. d5 Rd4 42. Kg3 Rd3+ 43. Kg2 e4 44. d6 f5 45. Rd8 Kg5 46.
d7 Kf4 47. h4 g5 48. Rh8 Rxd7 49. Rxh6 g4 50. h5 Rd2 51. Rg6 e3 52. h6 Rxf2+
53. Kg1 Ke5 0-1

[Event "BL 1920 OSG Baden-Baden - BCA Augsburg"]
[Site "?"]
[Date "2021.10.15"]
[Round "11.3"]
[White "Rozentalis, Eduardas"]
[Black "Adams, Michael"]
[Result "1/2-1/2"]
[WhiteElo "2513"]
[BlackElo "2716"]
[PlyCount "200"]
[EventDate "2021.??.??"]

1. e4 e5 2. Nf3 Nc6 3. Nc3 Nf6 4. d4 exd4 5. Nxd4 Bb4 6. Nxc6 bxc6 7. Bd3 d5 8.
exd5 cxd5 9. O-O O-O 10. Qf3 Bg4 11. Qg3 Qd7 12. h3 Bf5 13. Bf4 Nh5 14. Qg5
Bxd3 15. cxd3 Nxf4 16. Qxf4 Rab8 17. Qd4 c6 18. Rab1 Bd6 19. b4 Rfe8 20. a3 Be5
21. Qc5 Re6 22. b5 Rbe8 23. bxc6 Rxc6 24. Qxd5 Rd6 25. Qa5 Rxd3 26. Rfc1 h6 27.
Qb5 Re7 28. Rd1 Rd2 29. Rxd2 Qxd2 30. Nd5 Re6 31. Ne3 Bc7 32. Qd5 Qxd5 33. Nxd5
Bd6 34. Kf1 Bxa3 35. Rb8+ Bf8 36. Ra8 Re5 37. Nb4 g6 38. Nc6 Re6 39. Nd4 Ra6
40. Nb5 Ra1+ 41. Ke2 a5 42. Nc7 a4 43. g4 Ra2+ 44. Kf3 a3 45. h4 Rc2 46. Nd5
Kg7 47. g5 Rc5 48. gxh6+ Kxh6 49. Ne3 Be7 50. Rxa3 Bxh4 51. Rd3 Rb5 52. Rd4 Bg5
53. Rd3 Rb4 54. Ng4+ Kg7 55. Rd7 Rb3+ 56. Kg2 Bf4 57. Ra7 Rc3 58. Rd7 Rc4 59.
Kf3 Bc7 60. Ne3 Rf4+ 61. Ke2 Bb6 62. Rb7 Rf6 63. Ng4 Re6+ 64. Kf3 Bc5 65. Rc7
Be7 66. Ne3 Bd8 67. Rd7 Bg5 68. Ng4 Be7 69. Rc7 f5 70. Ne3 Kh6 71. Nd5 Bg5 72.
Rf7 Ra6 73. Ne7 Ra3+ 74. Kg2 Bh4 75. Nxf5+ gxf5 76. Rxf5 Kg6 77. Rf4 Bg5 78.
Rf3 Ra4 79. Rb3 Bf6 80. Rg3+ Kf5 81. Rf3+ Ke6 82. Kf1 Bd4 83. Kg2 Ke5 84. Kf1
Ke4 85. Rf7 Ra6 86. Rf8 Be5 87. Kg2 Re6 88. Rf7 Bd6 89. Kf1 Bf4 90. Rb7 Rf6 91.
Rb4+ Kd5 92. Rb2 Be5 93. Ra2 Bd4 94. Kg2 Kc4 95. Kf1 Kd3 96. Kg2 Bc5 97. Kf1
Ke4 98. Rb2 Rh6 99. Kg2 Rf6 100. Kf1 Bd4 1/2-1/2

[Event "BL 1920 OSG Baden-Baden - BCA Augsburg"]
[Site "?"]
[Date "2021.10.15"]
[Round "11.4"]
[White "Bacrot, Etienne"]
[Black "Stankovic, Milos"]
[Result "1-0"]
[WhiteElo "2658"]
[BlackElo "2420"]
[PlyCount "105"]
[EventDate "2021.??.??"]

1. Nf3 Nf6 2. c4 e6 3. g3 d5 4. Bg2 Be7 5. O-O O-O 6. d4 c6 7. Nc3 a5 8. Re1
Nbd7 9. Nd2 Rb8 10. e4 dxc4 11. Nxc4 b5 12. Ne3 b4 13. Na4 Ba6 14. b3 Bb5 15.
Bb2 Bxa4 16. bxa4 Nb6 17. Rc1 Rc8 18. Qb3 Qd7 19. Red1 Rfd8 20. a3 Qa7 21. axb4
axb4 22. a5 Qxa5 23. e5 Qa4 24. Qxa4 Nxa4 25. exf6 Bxf6 26. Ba1 c5 27. dxc5
Rxd1+ 28. Nxd1 Rxc5 29. Rxc5 Nxc5 30. Bxf6 gxf6 31. Kf1 f5 32. Ke2 Kg7 33. Nb2
Kg6 34. Ke3 e5 35. Nd3 Nxd3 36. Kxd3 Kg5 37. Kc4 f4 38. Kxb4 fxg3 39. hxg3 f5
40. Kc4 h5 41. Kd5 f4 42. Kxe5 fxg3 43. f3 Kh4 44. Kd4 Kg5 45. Ke4 Kh4 46. Bf1
Kg5 47. Bh3 Kh4 48. Bg2 Kg5 49. Bf1 Kh4 50. f4 Kg4 51. f5 h4 52. f6 h3 53. f7
1-0

[Event "BL 1920 OSG Baden-Baden - BCA Augsburg"]
[Site "?"]
[Date "2021.10.15"]
[Round "11.5"]
[White "Arnaudov, G. Petar"]
[Black "Kasimdzhanov, Rustam"]
[Result "1/2-1/2"]
[WhiteElo "2455"]
[BlackElo "2661"]
[PlyCount "65"]
[EventDate "2021.??.??"]

1. Nf3 d5 2. d4 Nf6 3. c4 e6 4. g3 Bb4+ 5. Bd2 a5 6. Bg2 O-O 7. O-O dxc4 8. a3
Be7 9. Nc3 c6 10. e4 b5 11. b3 cxb3 12. Qxb3 Ba6 13. Rfe1 Nbd7 14. e5 Nd5 15.
Rec1 Nxc3 16. Qxc3 Bb7 17. Ne1 Nb6 18. Be4 Nc4 19. Bf4 Qd7 20. a4 Nb6 21. Qd3
Nxa4 22. Bxh7+ Kh8 23. g4 g5 24. Be4 Kg7 25. Be3 c5 26. Bxb7 Qxb7 27. Rcb1 cxd4
28. Rxb5 Qc6 29. Bxd4 Rfb8 30. Rxb8 Rxb8 31. Qc2 Qxc2 32. Nxc2 Rc8 33. Ne3
1/2-1/2

[Event "BL 1920 OSG Baden-Baden - BCA Augsburg"]
[Site "?"]
[Date "2021.10.15"]
[Round "11.6"]
[White "Movsesian, Sergei"]
[Black "Schmittdiel, Eckhard"]
[Result "1/2-1/2"]
[WhiteElo "2627"]
[BlackElo "2402"]
[PlyCount "56"]
[EventDate "2021.??.??"]

1. e4 e6 2. d4 d5 3. Nd2 f5 4. e5 c5 5. Ngf3 Nc6 6. c4 Nxd4 7. Nxd4 cxd4 8. Nf3
Ne7 9. Be2 Nc6 10. O-O dxc4 11. Bxc4 Be7 12. a3 O-O 13. b4 Qc7 14. Qe2 a6 15.
Bb2 b5 16. Bb3 a5 17. Rac1 Qb6 18. Rfd1 axb4 19. axb4 Bxb4 20. Ng5 Nd8 21. Bxd4
Qb7 22. Rd3 Be7 23. Nf3 b4 24. Be3 Nc6 25. Qb2 Na5 26. Bc5 Bxc5 27. Rxc5 Nxb3
28. Rxb3 Rd8 1/2-1/2